| 000 | 00639nam a2200217Ia 4500 | ||
|---|---|---|---|
| 005 | 20250508165546.0 | ||
| 008 | 008 250505s9999 xx 000 0 eng d | ||
| 020 | _a978-0-14-311387-4 | ||
| 037 | _aTextual | ||
| 040 |
_aFEDL _beng _cFEDL |
||
| 041 |
_aeng _2eng |
||
| 084 |
_a184, CAT _qFEDL |
||
| 100 |
_aCathcart Thomas _9781166 |
||
| 245 | 0 | _aPlato and a platypus walk into a bar...: Understanding philosophy through jokes | |
| 260 |
_aNew Delhi, India _bPenguin Group _c2007 |
||
| 300 | _a215p. | ||
| 365 |
_aINR _b550 |
||
| 700 |
_a Klein Daniel _9781167 |
||
| 942 |
_cTEXL _h184, CAT |
||
| 999 |
_c1395859 _d1395859 |
||